[Event "Aut_chT0809"]
[Site "Graz"]
[Date "2009.01.22"]
[Round "4"]
[Board "1"]
[White "Baramidze, David"]
[Black "Gyimesi, Zoltan"]
[Result "0-1"]
[WhiteElo "2548"]
[BlackElo "2582"]
[PlyCount "54"]
[EventDate "2008.11.07"]
[EventType "team"]
[EventRounds "11"]
[EventCountry "AUT"]
[WhiteTeam "SK Hohenems"]
[BlackTeam "Sparkasse Jenbach"]

1.e4 c6 2.d4 d5 3.Nd2 dxe4 4.Nxe4 Bf5 5.Ng3 Bg6 6.Bc4 e6 7.N1e2 Nf6 8.Nf4 Bd6
9.h4 Qc7 10.Nxg6 hxg6 11.Qf3 Nbd7 12.Bg5 c5 13.O-O-O cxd4 14.Bb3 Ne5 15.Ba4+ Kf8
16.Qb3 a6 17.f4 Nc4 18.Rxd4 Rc8 19.Qd3 b5 20.Bb3 Bc5 21.Bxc4 bxc4 22.Rxc4 Be3+
23.Qxe3 Qxc4 24.Kb1 Qxc2+ 25.Ka1 Nd5 26.Qa3+ Kg8 27.f5 Rxh4

[Event "Aut_chT0809"]
[Site "Graz"]
[Date "2009.01.22"]
[Round "4"]
[Board "2"]
[White "Schlosser, Philipp"]
[Black "Braun, Arik"]
[Result "1-0"]
[WhiteElo "2570"]
[BlackElo "2558"]
[PlyCount "63"]
[EventDate "2008.11.07"]
[EventType "team"]
[EventRounds "11"]
[EventCountry "AUT"]
[WhiteTeam "Sparkasse Jenbach"]
[BlackTeam "SK Hohenems"]

1.Nf3 d5 2.d4 Nf6 3.c4 c6 4.e3 a6 5.Bd3 Bg4 6.Nbd2 Nbd7 7.Qc2 e6 8.b3 Bd6 9.Bb2
Bh5 10.O-O Bg6 11.e4 dxe4 12.Nxe4 Nxe4 13.Bxe4 O-O 14.Bxg6 hxg6 15.Rad1 Qa5
16.Rd3 Rad8 17.Rfd1 Rfe8 18.g3 Qf5 19.Qe2 g5 20.h3 f6 21.Kg2 Bc7 22.Re3 Nf8
23.h4 gxh4 24.Nxh4 Qg5 25.Re4 Rd7 26.Bc1 Qa5 27.Rh1 Ree7 28.a4 Qc3 29.Ba3 Qxb3
30.Bxe7 Rxe7 31.Nf5 Rd7 32.Rxe6

[Event "Aut_chT0809"]
[Site "Graz"]
[Date "2009.01.22"]
[Round "4"]
[Board "3"]
[White "Bezold, Michael"]
[Black "Lehner, Oliver"]
[Result "1-0"]
[WhiteElo "2509"]
[BlackElo "2413"]
[PlyCount "105"]
[EventDate "2008.11.07"]
[EventType "team"]
[EventRounds "11"]
[EventCountry "AUT"]
[WhiteTeam "SK Hohenems"]
[BlackTeam "Sparkasse Jenbach"]

1.c4 c6 2.Nc3 d5 3.e3 Nf6 4.Nf3 a6 5.b3 Bg4 6.h3 Bxf3 7.Qxf3 e6 8.Bb2 Bb4 9.a3
Be7 10.d4 b5 11.Bd3 bxc4 12.bxc4 Nbd7 13.O-O O-O 14.Rfd1 Qa5 15.Qe2 Rfb8 16.Qc2
g6 17.c5 Ne8 18.Na2 Rb7 19.Nb4 Nb8 20.Rab1 Qc7 21.Bc3 Bd8 22.Qa4 Rba7 23.Rb2 Qd7
24.Rdb1 Nc7 25.Bd2 Nb5 26.Nc2 Qc8 27.Qb3 Nd7 28.a4 Nc7 29.Ba5 e5 30.Qc3 Ne6
31.Bb6 exd4 32.exd4 Rb7 33.a5 Bf6 34.Bf1 Qf8 35.Rb4 Qg7 36.Rd1 h5 37.Qg3 h4
38.Qg4 Qh6 39.Rb3 Bg7 40.Qe2 Nb8 41.Re3 Re7 42.Bd8 Re8 43.Bc7 Nd7 44.Bd6 Kh7
45.Qf3 Ng5 46.Qf4 Nf6 47.Rxe8 Rxe8 48.Bxa6 Nfe4 49.Bd3 f5 50.Bxe4 Rxe4 51.Qd2
Qh5 52.Re1 Bh6 53.f4

[Event "Aut_chT0809"]
[Site "Graz"]
[Date "2009.01.22"]
[Round "4"]
[Board "4"]
[White "Stangl, Markus"]
[Black "Atlas, Valery"]
[Result "1-0"]
[WhiteElo "2458"]
[BlackElo "2431"]
[PlyCount "81"]
[EventDate "2008.11.07"]
[EventType "team"]
[EventRounds "11"]
[EventCountry "AUT"]
[WhiteTeam "Sparkasse Jenbach"]
[BlackTeam "SK Hohenems"]

1.Nf3 c5 2.c4 b6 3.Nc3 Bb7 4.e4 d6 5.d4 cxd4 6.Nxd4 Nd7 7.Bd3 Ngf6 8.Qe2 e6
9.O-O Be7 10.f4 O-O 11.Kh1 Nc5 12.Bc2 g6 13.Rd1 Qb8 14.e5 Nh5 15.b4 Na6 16.a3
Rd8 17.Be4 Qc8 18.b5 Nb8 19.exd6 Rxd6 20.Qf3 Bxe4 21.Nxe4 Rd7 22.Bb2 Rb7 23.g4
Ng7 24.f5 exf5 25.gxf5 Nxf5 26.Nxf5 Qxf5 27.Nf6+ Bxf6 28.Qxb7 Bxb2 29.Rf1 Qd7
30.Qxa8 Qc7 31.Rae1 Kg7 32.Qd5 h5 33.Re3 Qd7 34.Qxd7 Nxd7 35.Re7 Ne5 36.Rxa7 g5
37.c5 bxc5 38.b6 Nc6 39.Raxf7+ Kg6 40.b7 Be5 41.Rf8

[Event "Aut_chT0809"]
[Site "Graz"]
[Date "2009.01.22"]
[Round "4"]
[Board "5"]
[White "Novkovic, Milan"]
[Black "Reich, Thomas"]
[Result "1-0"]
[WhiteElo "2407"]
[BlackElo "2404"]
[PlyCount "93"]
[EventDate "2008.11.07"]
[EventType "team"]
[EventRounds "11"]
[EventCountry "AUT"]
[WhiteTeam "SK Hohenems"]
[BlackTeam "Sparkasse Jenbach"]

1.d4 c5 2.d5 Nf6 3.Nc3 g6 4.e4 d6 5.Bb5+ Bd7 6.a4 Bg7 7.Nf3 O-O 8.h3 e6 9.O-O
exd5 10.exd5 Na6 11.Re1 Nb4 12.Bf4 Bf5 13.Rc1 a6 14.Bf1 Qc7 15.g4 Bd7 16.Bg3
Rad8 17.Qd2 Bc8 18.Bg2 b6 19.Nh2 Bb7 20.Nf1 c4 21.Ne3 Rfe8 22.Rcd1 Qc5 23.Kh2 b5
24.f4 bxa4 25.Bf2 Qc7 26.Ra1 a5 27.Rxa4 Ra8 28.Bf3 Nd7 29.Raa1 Re7 30.h4 Ba6
31.h5 Rae8 32.g5 Nc5 33.Ng4 Bc8 34.Nf6+ Bxf6 35.gxf6 Rxe1 36.Rxe1 Rxe1 37.Qxe1
Bd7 38.Qe7 Nba6 39.f5 g5 40.h6 Qb8 41.Bg3 Bxf5 42.Bxd6 Qc8 43.Bh5 Bg6 44.Bxg6
hxg6 45.h7+ Kh8 46.Qxf7 Qb7 47.Qg8#

[Event "Aut_chT0809"]
[Site "Graz"]
[Date "2009.01.22"]
[Round "4"]
[Board "6"]
[White "Deglmann, Ludwig"]
[Black "Froewis, Georg"]
[Result "1/2-1/2"]
[WhiteElo "2325"]
[BlackElo "2255"]
[PlyCount "71"]
[EventDate "2008.11.07"]
[EventType "team"]
[EventRounds "11"]
[EventCountry "AUT"]
[WhiteTeam "Sparkasse Jenbach"]
[BlackTeam "SK Hohenems"]

1.e4 e6 2.d4 d5 3.e5 c5 4.c3 Nc6 5.Nf3 Qb6 6.a3 Nh6 7.b4 cxd4 8.cxd4 Nf5 9.Bb2
Bd7 10.g4 Nfe7 11.Nc3 Na5 12.Na4 Qc6 13.bxa5 Qxa4 14.Qxa4 Bxa4 15.Bd3 Nc6 16.Bc3
Be7 17.Rb1 Rb8 18.Ke2 a6 19.Bb4 Kd7 20.Rhc1 Rhc8 21.Ke3 Nxb4 22.Rxc8 Rxc8
23.axb4 Bc2 24.Bxc2 Rxc2 25.b5 axb5 26.Rxb5 Kc6 27.Rb6+ Kc7 28.Rb5 Ra2 29.Ne1
Bg5+ 30.f4 Ra3+ 31.Nd3 Bd8 32.Ke2 Kc8 33.f5 Ra2+ 34.Kf3 Ra3 35.Ke2 Ra2+ 36.Kf3

[Event "Aut_chT0809"]
[Site "Graz"]
[Date "2009.01.22"]
[Round "4"]
[Board "1"]
[White "Ruck, Robert"]
[Black "Dizdar, Goran"]
[Result "1/2-1/2"]
[WhiteElo "2558"]
[BlackElo "2565"]
[PlyCount "29"]
[EventDate "2008.11.07"]
[EventType "team"]
[EventRounds "11"]
[EventCountry "AUT"]
[WhiteTeam "ASVOE Pamhagen"]
[BlackTeam "SK Absam"]

1.Nf3 d5 2.d4 Nf6 3.c4 e6 4.Nc3 Bb4 5.Bg5 h6 6.Bxf6 Qxf6 7.e3 O-O 8.Rc1 dxc4
9.Bxc4 c5 10.O-O cxd4 11.exd4 Bxc3 12.Rxc3 Nc6 13.Bb5 Bd7 14.Ne5 Rfd8 15.Bxc6

[Event "Aut_chT0809"]
[Site "Graz"]
[Date "2009.01.22"]
[Round "4"]
[Board "2"]
[White "Levin, Felix"]
[Black "Markos, Jan"]
[Result "1/2-1/2"]
[WhiteElo "2536"]
[BlackElo "2577"]
[PlyCount "28"]
[EventDate "2008.11.07"]
[EventType "team"]
[EventRounds "11"]
[EventCountry "AUT"]
[WhiteTeam "SK Absam"]
[BlackTeam "ASVOE Pamhagen"]

1.Nf3 Nf6 2.c4 e6 3.Nc3 Bb4 4.Qc2 c5 5.a3 Ba5 6.e3 O-O 7.Be2 d5 8.Na4 b6 9.cxd5
exd5 10.O-O Ba6 11.Bxa6 Nxa6 12.d4 c4 13.b4 cxb3 14.Qxb3 Ne4

[Event "Aut_chT0809"]
[Site "Graz"]
[Date "2009.01.22"]
[Round "4"]
[Board "3"]
[White "Ftacnik, Lubomir"]
[Black "Rotstein, Arkadij"]
[Result "1/2-1/2"]
[WhiteElo "2562"]
[BlackElo "2505"]
[PlyCount "51"]
[EventDate "2008.11.07"]
[EventType "team"]
[EventRounds "11"]
[EventCountry "AUT"]
[WhiteTeam "ASVOE Pamhagen"]
[BlackTeam "SK Absam"]

1.Nf3 Nf6 2.c4 b6 3.g3 c5 4.Bg2 Bb7 5.O-O g6 6.Nc3 Bg7 7.d4 cxd4 8.Qxd4 d6 9.Rd1
Nbd7 10.Be3 a6 11.Rac1 Rc8 12.b3 O-O 13.Qh4 Rc7 14.Bh3 Qb8 15.Bg5 b5 16.Nd5 Nxd5
17.cxd5 Nf6 18.e4 Bc8 19.Rxc7 Qxc7 20.Rc1 Qb7 21.Bg2 Qb6 22.Rc2 Bd7 23.Be3 Qa5
24.Bd2 Qb6 25.Be3 Qa5 26.Bd2

[Event "Aut_chT0809"]
[Site "Graz"]
[Date "2009.01.22"]
[Round "4"]
[Board "4"]
[White "Schmittdiel, Eckhard"]
[Black "Cvek, Robert"]
[Result "1/2-1/2"]
[WhiteElo "2438"]
[BlackElo "2531"]
[PlyCount "39"]
[EventDate "2008.11.07"]
[EventType "team"]
[EventRounds "11"]
[EventCountry "AUT"]
[WhiteTeam "SK Absam"]
[BlackTeam "ASVOE Pamhagen"]

1.Nf3 Nf6 2.g3 d5 3.c4 e6 4.Bg2 dxc4 5.O-O c6 6.a4 a5 7.Na3 Be7 8.Nxc4 O-O 9.b3
Na6 10.Bb2 Nb4 11.Nfe5 Qc7 12.Rc1 Na2 13.Rb1 Nb4 14.d3 Nd7 15.Qd2 f6 16.Nf3 Rd8
17.d4 Nf8 18.Qc3 Bd7 19.e4 Be8 20.Ne3

[Event "Aut_chT0809"]
[Site "Graz"]
[Date "2009.01.22"]
[Round "4"]
[Board "5"]
[White "Antoniewski, Rafal"]
[Black "Duer, Werner"]
[Result "1/2-1/2"]
[WhiteElo "2513"]
[BlackElo "2260"]
[PlyCount "92"]
[EventDate "2008.11.07"]
[EventType "team"]
[EventRounds "11"]
[EventCountry "AUT"]
[WhiteTeam "ASVOE Pamhagen"]
[BlackTeam "SK Absam"]

1.Nf3 d5 2.d4 Nf6 3.c4 c6 4.e3 Bg4 5.h3 Bxf3 6.Qxf3 e6 7.Bd3 Nbd7 8.O-O Bd6
9.Nc3 O-O 10.Rd1 Qe7 11.Bd2 Rfe8 12.Qe2 Rad8 13.c5 Bc7 14.f4 g6 15.b4 Nh5 16.g4
Ng7 17.Rf1 f6 18.e4 dxe4 19.Bxe4 f5 20.Bg2 Nf6 21.g5 Nd5 22.Qc4 Nh5 23.Ne2 h6
24.h4 hxg5 25.hxg5 a6 26.a4 Qd7 27.Rab1 Ra8 28.Rb3 b5 29.cxb6 Bxb6 30.Bf3 Ng7
31.Kg2 Rec8 32.a5 Bc7 33.Rh1 Bd6 34.Rh4 Bf8 35.Nc1 Ne8 36.Nd3 Nd6 37.Qc1 Nf7
38.Qe1 Rab8 39.Nc5 Bxc5 40.dxc5 e5 41.fxe5 Re8 42.Qe2 Nxe5 43.Rb1 Nd3 44.Qf1 Ne5
45.Qe2 Nd3 46.Qf1 Ne3+

[Event "Aut_chT0809"]
[Site "Graz"]
[Date "2009.01.22"]
[Round "4"]
[Board "6"]
[White "Gerhold, Michael"]
[Black "Lipka, Juraj"]
[Result "1/2-1/2"]
[WhiteElo "2229"]
[BlackElo "2426"]
[PlyCount "36"]
[EventDate "2008.11.07"]
[EventType "team"]
[EventRounds "11"]
[EventCountry "AUT"]
[WhiteTeam "SK Absam"]
[BlackTeam "ASVOE Pamhagen"]

1.Nf3 d5 2.d4 Nf6 3.c4 c6 4.e3 a6 5.b3 Bg4 6.Nbd2 Nbd7 7.Be2 e6 8.O-O Bd6 9.Bb2
Qb8 10.h3 Bf5 11.Nh4 Be4 12.f3 Bg6 13.Nxg6 hxg6 14.f4 Nh5 15.Bxh5 Rxh5 16.Qf3
Bb4 17.Nb1 f5 18.g4 Rh8

[Event "Aut_chT0809"]
[Site "Graz"]
[Date "2009.01.22"]
[Round "4"]
[Board "1"]
[White "Weiss, Christian"]
[Black "Shengelia, Davit"]
[Result "0-1"]
[WhiteElo "2424"]
[BlackElo "2547"]
[PlyCount "92"]
[EventDate "2008.11.07"]
[EventType "team"]
[EventRounds "11"]
[EventCountry "AUT"]
[WhiteTeam "Union Ansfelden"]
[BlackTeam "Styria Graz"]

1.c4 Nf6 2.Nf3 c6 3.d4 d5 4.Nc3 dxc4 5.a4 Bf5 6.e3 e6 7.Bxc4 Bb4 8.O-O Nbd7
9.Qe2 Bg6 10.Ne5 Nxe5 11.dxe5 Nd5 12.Na2 Be7 13.Bd2 a5 14.e4 Nb6 15.Be3 Qc7
16.Bd3 Nxa4 17.f4 Bc5 18.Bf2 Bxf2+ 19.Rxf2 Nc5 20.Bc2 Qb6 21.Rb1 h6 22.Nc3 Rd8
23.f5 Bh7 24.Qf3 Qc7 25.Qg3 g6 26.Rbf1 Rd7 27.Nd1 Kd8 28.Ne3 Kc8 29.Ng4 gxf5
30.Nf6 Rdd8 31.Nxh7 Rxh7 32.exf5 Rhh8 33.Kh1 Kb8 34.Qg7 h5 35.h3 Rhg8 36.Qf6 Rd5
37.Re2 Ka7 38.Rfe1 Rd4 39.Qh6 h4 40.Qe3 Rgd8 41.Ra1 Qb6 42.fxe6 fxe6 43.Qc3 Ka6
44.g4 hxg3 45.Qxg3 Qxb2 46.Rb1 Qa2

[Event "Aut_chT0809"]
[Site "Graz"]
[Date "2009.01.22"]
[Round "4"]
[Board "2"]
[White "Nanu, Ciprian-Costica"]
[Black "Knoll, Hermann"]
[Result "1/2-1/2"]
[WhiteElo "2506"]
[BlackElo "2371"]
[PlyCount "98"]
[EventDate "2008.11.07"]
[EventType "team"]
[EventRounds "11"]
[EventCountry "AUT"]
[WhiteTeam "Styria Graz"]
[BlackTeam "Union Ansfelden"]

1.d4 Nf6 2.Nf3 e6 3.c4 b6 4.Nc3 Bb7 5.Bg5 Bb4 6.Nd2 c5 7.a3 cxd4 8.axb4 dxc3
9.bxc3 d5 10.e3 O-O 11.cxd5 Qxd5 12.Bxf6 gxf6 13.Qg4+ Kh8 14.Qd4 Qxd4 15.cxd4
Nc6 16.b5 Nb4 17.Rb1 Nd5 18.Bd3 Rg8 19.Be4 f5 20.Bf3 Rgc8 21.O-O Rc2 22.Nb3 a5
23.bxa6 Rxa6 24.Nc5 bxc5 25.Rxb7 cxd4 26.exd4 Nc7 27.h3 Kg7 28.Rfb1 Rd6 29.R1b4
Rd8 30.Ra4 Ne8 31.Raa7 Nd6 32.Re7 Kg6 33.d5 Nc8 34.Red7 Rxd7 35.Rxd7 Kf6 36.dxe6
Kxe6 37.Rd8 Kf6 38.Kh2 Ne7 39.Rd6+ Kg7 40.Kg1 Rc1+ 41.Bd1 Rc6 42.Rd7 Kf6 43.g3
Ke6 44.Rd8 Kf6 45.Kg2 Ng6 46.Bb3 f4 47.Rd7 Ne5 48.Rb7 fxg3 49.f4 Nc4

[Event "Aut_chT0809"]
[Site "Graz"]
[Date "2009.01.22"]
[Round "4"]
[Board "3"]
[White "Hellmayr, Alois"]
[Black "Moser, Eva"]
[Result "0-1"]
[WhiteElo "2333"]
[BlackElo "2397"]
[PlyCount "66"]
[EventDate "2008.11.07"]
[EventType "team"]
[EventRounds "11"]
[EventCountry "AUT"]
[WhiteTeam "Union Ansfelden"]
[BlackTeam "Styria Graz"]

1.d4 Nf6 2.Nf3 g6 3.g3 Bg7 4.Bg2 d5 5.O-O c6 6.c3 O-O 7.Qb3 Na6 8.Nbd2 c5 9.Ne5
c4 10.Qa3 Nc7 11.b3 cxb3 12.axb3 Nb5 13.Qb4 a6 14.Bb2 Ng4 15.Nxg4 Bxg4 16.Rfe1
Re8 17.e3 Bf8 18.c4 e5 19.Qa4 dxc4 20.bxc4 exd4 21.cxb5 dxe3 22.Qxg4 exf2+
23.Kxf2 Qxd2+ 24.Re2 Bc5+ 25.Kf1 Qd3 26.Bxb7 Rad8 27.Rae1 Qxb5 28.Bg2 Rd2 29.Bc3
Rexe2 30.Rxe2 Qb1+ 31.Re1 Rf2+ 32.Kg1 Rf4+ 33.Kh1 Qxe1+

[Event "Aut_chT0809"]
[Site "Graz"]
[Date "2009.01.22"]
[Round "4"]
[Board "4"]
[White "Luther, Thomas"]
[Black "Moser, Guenter"]
[Result "1-0"]
[WhiteElo "2536"]
[BlackElo "2341"]
[PlyCount "80"]
[EventDate "2008.11.07"]
[EventType "team"]
[EventRounds "11"]
[EventCountry "AUT"]
[WhiteTeam "Styria Graz"]
[BlackTeam "Union Ansfelden"]

1.e4 c6 2.d4 d5 3.Nd2 dxe4 4.Nxe4 Bf5 5.Ng3 Bg6 6.h4 h6 7.Nf3 Nd7 8.h5 Bh7 9.Bd3
Bxd3 10.Qxd3 Ngf6 11.Bd2 e6 12.O-O-O Qc7 13.Ne4 Nxe4 14.Qxe4 Nf6 15.Qe2 Bd6
16.Kb1 O-O-O 17.c4 c5 18.Bc3 cxd4 19.Nxd4 Qc5 20.Nb5 Bb8 21.Bd4 Qf5+ 22.Ka1 a6
23.Nc3 Bc7 24.f3 Qf4 25.Be3 Rxd1+ 26.Rxd1 Qg3 27.c5 Rd8 28.Rc1 Qe5 29.c6 b5
30.g4 Nd5 31.Nxd5 Qxd5 32.f4 Qe4 33.Qe1 Bxf4 34.Qa5 Qxe3 35.Qxa6+ Kc7 36.Qb7+
Kd6 37.Rd1+ Kc5 38.Qe7+ Rd6 39.c7 Kb6 40.c8=N+ Ka5

[Event "Aut_chT0809"]
[Site "Graz"]
[Date "2009.01.22"]
[Round "4"]
[Board "5"]
[White "Klinger, Josef"]
[Black "Ribli, Zoltan"]
[Result "1-0"]
[WhiteElo "2429"]
[BlackElo "2577"]
[PlyCount "75"]
[EventDate "2008.11.07"]
[EventType "team"]
[EventRounds "11"]
[EventCountry "AUT"]
[WhiteTeam "Union Ansfelden"]
[BlackTeam "Styria Graz"]

1.d4 d5 2.c4 e6 3.Nc3 c6 4.e3 Nf6 5.Nf3 Nbd7 6.Bd3 dxc4 7.Bxc4 b5 8.Bd3 Bb7
9.O-O a6 10.e4 c5 11.d5 Qc7 12.Qe2 c4 13.Bc2 Bd6 14.dxe6 fxe6 15.Ng5 Nc5 16.f4
h6 17.e5 hxg5 18.exd6 Qxd6 19.Qe5 Qc6 20.Bg6+ Kf8 21.Qxg5 Rh4 22.Be3 Ncd7 23.h3
Kg8 24.Rad1 Nf8 25.Bc2 Rg4 26.Be4 Nxe4 27.Qxg4 Nxc3 28.bxc3 Re8 29.Bd4 Re7
30.Rf2 Rf7 31.Re1 Qd7 32.Re5 b4 33.f5 exf5 34.Rexf5 Rxf5 35.Rxf5 Bc8 36.Rc5 Ne6
37.Rxc4 a5 38.Bxg7

[Event "Aut_chT0809"]
[Site "Graz"]
[Date "2009.01.22"]
[Round "4"]
[Board "6"]
[White "Wagner, Stephan"]
[Black "Casagrande, Harald"]
[Result "1/2-1/2"]
[WhiteElo "2240"]
[BlackElo "2340"]
[PlyCount "49"]
[EventDate "2008.11.07"]
[EventType "team"]
[EventRounds "11"]
[EventCountry "AUT"]
[WhiteTeam "Styria Graz"]
[BlackTeam "Union Ansfelden"]

1.c4 c5 2.Nc3 b6 3.Nf3 Bb7 4.e3 Nf6 5.b3 g6 6.Bb2 Bg7 7.Be2 O-O 8.O-O d5 9.Nxd5
Nxd5 10.Bxg7 Kxg7 11.cxd5 Qxd5 12.d4 cxd4 13.Qxd4+ Qxd4 14.Nxd4 Nd7 15.Rfd1 Nc5
16.Rac1 a5 17.Bf3 Bxf3 18.Nxf3 Rfc8 19.Ne5 Rc7 20.Nc4 b5 21.Nb6 Raa7 22.Nd5 Rc6
23.Nc3 Rb7 24.Ne2 Rcc7 25.f3

[Event "Aut_chT0809"]
[Site "Graz"]
[Date "2009.01.22"]
[Round "4"]
[Board "2"]
[White "Sikula, Vaszilij"]
[Black "Korneev, Oleg"]
[Result "1/2-1/2"]
[WhiteElo "2540"]
[BlackElo "2613"]
[PlyCount "37"]
[EventDate "2008.11.07"]
[EventType "team"]
[EventRounds "11"]
[EventCountry "AUT"]
[WhiteTeam "SK ASVOE Raika St.Veit/Gl."]
[BlackTeam "Holz Dohr"]

1.e4 c5 2.Nf3 e6 3.d4 cxd4 4.Nxd4 Nc6 5.Nc3 Qc7 6.Be2 a6 7.O-O Nf6 8.Be3 Bb4
9.Na4 O-O 10.Nxc6 bxc6 11.Nb6 Rb8 12.Nxc8 Rfxc8 13.Bxa6 Rf8 14.Bd3 Bd6 15.f4 e5
16.b3 exf4 17.Bd4 f3 18.e5 f2+ 19.Rxf2

[Event "Aut_chT0809"]
[Site "Graz"]
[Date "2009.01.22"]
[Round "4"]
[Board "3"]
[White "Baklan, Vladimir"]
[Black "Rogic, Davor"]
[Result "1-0"]
[WhiteElo "2627"]
[BlackElo "2503"]
[PlyCount "81"]
[EventDate "2008.11.07"]
[EventType "team"]
[EventRounds "11"]
[EventCountry "AUT"]
[WhiteTeam "Holz Dohr"]
[BlackTeam "SK ASVOE Raika St.Veit/Gl."]

1.e4 e5 2.Nf3 Nc6 3.Bb5 a6 4.Ba4 Nf6 5.Qe2 b5 6.Bb3 Be7 7.c3 O-O 8.d4 d6 9.Nbd2
Bb7 10.O-O Re8 11.d5 Nb8 12.Rd1 Nbd7 13.Nf1 c6 14.dxc6 Bxc6 15.Ng3 Qc7 16.Bg5 h6
17.Bxf6 Nxf6 18.Nh4 Rad8 19.Nhf5 Qb7 20.Nh5 Nxh5 21.Qxh5 d5 22.Qg4 Bf6 23.Nxh6+
Kf8 24.exd5 Bxd5 25.Nf5 Qc6 26.h4 e4 27.Qh5 g6 28.Qh6+ Kg8 29.Rxd5 Rxd5 30.Ne3
Rd7 31.Qxg6+ Kf8 32.Qh6+ Ke7 33.a4 Rh8 34.Nf5+ Kd8 35.axb5 axb5 36.Qf4 Kc8
37.Bxf7 Kb7 38.Bg6 Bd8 39.h5 Rf8 40.Qe3 Bc7 41.Nd4

[Event "Aut_chT0809"]
[Site "Graz"]
[Date "2009.01.22"]
[Round "4"]
[Board "4"]
[White "Hoelzl, Franz"]
[Black "Kosten, Anthony C"]
[Result "1/2-1/2"]
[WhiteElo "2356"]
[BlackElo "2514"]
[PlyCount "63"]
[EventDate "2008.11.07"]
[EventType "team"]
[EventRounds "11"]
[EventCountry "AUT"]
[WhiteTeam "SK ASVOE Raika St.Veit/Gl."]
[BlackTeam "Holz Dohr"]

1.Nf3 c5 2.c4 Nc6 3.Nc3 e5 4.e3 Nf6 5.b3 g6 6.Bb2 Bg7 7.Be2 O-O 8.O-O d5 9.cxd5
Nxd5 10.Qb1 Nc7 11.d3 b6 12.a3 Bb7 13.b4 Ne6 14.Ne4 cxb4 15.axb4 a6 16.Bc3 Nc7
17.Rc1 Nb5 18.Be1 Qe7 19.Nc3 Nxc3 20.Bxc3 b5 21.Nd2 a5 22.bxa5 b4 23.Bb2 Nxa5
24.Ra4 Nc6 25.Rxa8 Rxa8 26.Qc2 Nd8 27.Qb3 Ne6 28.Bf3 Rb8 29.Bxb7 Qxb7 30.Qc4 Qd7
31.Nf3 Qd6 32.Ne1

[Event "Aut_chT0809"]
[Site "Graz"]
[Date "2009.01.22"]
[Round "4"]
[Board "5"]
[White "Kunin, Vitaly"]
[Black "Jurkovic, Hrvoje"]
[Result "0-1"]
[WhiteElo "2546"]
[BlackElo "2405"]
[PlyCount "114"]
[EventDate "2008.11.07"]
[EventType "team"]
[EventRounds "11"]
[EventCountry "AUT"]
[WhiteTeam "Holz Dohr"]
[BlackTeam "SK ASVOE Raika St.Veit/Gl."]

1.d4 Nf6 2.Nf3 d6 3.c4 Nbd7 4.Nc3 e5 5.d5 Be7 6.e4 O-O 7.Bd3 Nc5 8.Bc2 a5 9.Be3
b6 10.h3 g6 11.a3 Na6 12.O-O Bd7 13.Rb1 Nh5 14.b4 axb4 15.axb4 Qc8 16.Bh6 Bxh3
17.gxh3 Qxh3 18.Bd2 Nf4 19.Bxf4 exf4 20.Nb5 Bf6 21.Nh2 Be5 22.Qg4 Qh6 23.Nf3 Qg7
24.Rb3 h6 25.Kg2 Qf6 26.Rh1 Kg7 27.Nh4 h5 28.Qh3 Rh8 29.Nf3 Qe7 30.Nbd4 Nb8
31.Rg1 Qf6 32.Nxe5 dxe5 33.Nb5 Qe7 34.Qc3 h4 35.Kh3 Ra2 36.f3 Rh5 37.Ra3 Rxa3
38.Qxa3 Nd7 39.Nxc7 Nf6 40.Nb5 Nh7 41.Bd1 Rg5 42.Rg4 Rxg4 43.fxg4 Ng5+ 44.Kg2
h3+ 45.Kg1 Nxe4 46.Qxh3 Qxb4 47.Be2 Qe1+ 48.Qf1 Qg3+ 49.Qg2 Qe3+ 50.Kh2 Ng5
51.Bf1 f3 52.Qg3 Ne4 53.Qxe5+ f6 54.Qd4 Qf4+ 55.Kh1 Ng3+ 56.Kg1 Ne2+ 57.Bxe2
Qg3+

[Event "Aut_chT0809"]
[Site "Graz"]
[Date "2009.01.22"]
[Round "4"]
[Board "6"]
[White "Mazi, Leon"]
[Black "Freitag, Manfred"]
[Result "0-1"]
[WhiteElo "2377"]
[BlackElo "2406"]
[PlyCount "65"]
[EventDate "2008.11.07"]
[EventType "team"]
[EventRounds "11"]
[EventCountry "AUT"]
[WhiteTeam "SK ASVOE Raika St.Veit/Gl."]
[BlackTeam "Holz Dohr"]

1.e4 e5 2.Nf3 Nc6 3.Bb5 a6 4.Ba4 Nf6 5.O-O Be7 6.Re1 b5 7.Bb3 O-O 8.c3 d6 9.h3
Na5 10.Bc2 d5 11.exd5 e4 12.Ng5 Nxd5 13.Nxe4 f5 14.Ng3 f4 15.Nf1 f3 16.g3 Qd7
17.Be4 Bb7 18.Bxf3 Bc5 19.d4 Nxc3 20.Bg4 Qc6 21.Be6+ Kh8 22.d5 Bxf2+ 23.Kh2 Nxd1
24.dxc6 Bxe1 25.cxb7 Rae8 26.Bd7 Re2+ 27.Kg1 Bf2+ 28.Kh1 Ba7 29.Bf4 Nf2+ 30.Kg2
Nd3+ 31.Kf3 Rf2+ 32.Ke4 Nc5+ 33.Kd4

[Event "Aut_chT0809"]
[Site "Graz"]
[Date "2009.01.22"]
[Round "4"]
[Board "5"]
[White "Laznicka, Viktor"]
[Black "Baumegger, Siegfried"]
[Result "1/2-1/2"]
[WhiteElo "2598"]
[BlackElo "2447"]
[PlyCount "119"]
[EventDate "2008.11.07"]
[EventType "team"]
[EventRounds "11"]
[EventCountry "AUT"]
[WhiteTeam "Husek Wien"]
[BlackTeam "SK Advisory Invest Baden"]

1.e4 e5 2.Nf3 Nc6 3.Bb5 a6 4.Ba4 Nf6 5.O-O Be7 6.Re1 b5 7.Bb3 d6 8.c3 O-O 9.h3
Na5 10.Bc2 c5 11.d4 Qc7 12.Nbd2 cxd4 13.cxd4 Bd7 14.Nf1 Rac8 15.Re2 Rfe8 16.Ng3
Nc6 17.Be3 exd4 18.Bxd4 Nxd4 19.Qxd4 Qc5 20.Qd2 Be6 21.Bb3 Nd7 22.Rd1 Ne5 23.Nd4
Nc4 24.Bxc4 Bxc4 25.Ree1 Bg5 26.f4 Bf6 27.b3 Bd5 28.Qf2 g6 29.Ndf5 gxf5 30.Rxd5
Qxf2+ 31.Kxf2 Bh4 32.Rxf5 Rc2+ 33.Kf3 Rxa2 34.Re3 Bxg3 35.Kxg3 Rc8 36.Kh2 b4
37.Rd5 Rc3 38.Rxc3 bxc3 39.Rxd6 Ra3 40.Rb6 a5 41.f5 a4 42.bxa4 Rxa4 43.Rc6 Rxe4
44.Rxc3 Kg7 45.g4 h5 46.Kg3 hxg4 47.hxg4 f6 48.Rc6 Re1 49.Re6 Rg1+ 50.Kf3 Rf1+
51.Ke4 Rg1 52.Kf4 Rf1+ 53.Ke3 Rg1 54.Re4 Kh6 55.Kf2 Ra1 56.Re8 Kg5 57.Rg8+ Kf4
58.Rg6 Ra2+ 59.Ke1 Rg2 60.Rxf6

[Event "Aut_chT0809"]
[Site "Graz"]
[Date "2009.01.22"]
[Round "4"]
[Board "6"]
[White "Stohl, Igor"]
[Black "Kovalev, Andrei"]
[Result "1/2-1/2"]
[WhiteElo "2531"]
[BlackElo "2535"]
[PlyCount "81"]
[EventDate "2008.11.07"]
[EventType "team"]
[EventRounds "11"]
[EventCountry "AUT"]
[WhiteTeam "SK Advisory Invest Baden"]
[BlackTeam "Husek Wien"]

1.Nf3 g6 2.e4 Bg7 3.d4 d6 4.Be2 Nc6 5.d5 Ne5 6.Nxe5 Bxe5 7.O-O Bg7 8.Nc3 Nf6
9.Bg5 c6 10.Re1 O-O 11.Qd2 Re8 12.Bf1 Bd7 13.Rad1 cxd5 14.exd5 Rc8 15.Be3 a6
16.Bd4 b5 17.a3 Bg4 18.Rc1 h5 19.Ne4 Nxe4 20.Rxe4 Bf5 21.Bxg7 Kxg7 22.Re3 e5
23.dxe6 Rxe6 24.Rxe6 Bxe6 25.c3 Bb3 26.Re1 Qf6 27.Be2 Re8 28.Bf3 Re5 29.h3 a5
30.Re3 Bc4 31.Qd4 h4 32.b4 axb4 33.axb4 g5 34.g3 Be6 35.Bg2 Bc4 36.gxh4 gxh4
37.Rxe5 dxe5 38.Qg4+ Kf8 39.Qc8+ Kg7 40.Qg4+ Kf8 41.Qc8+

[Event "Aut_chT0809"]
[Site "Graz"]
[Date "2009.01.23"]
[Round "5"]
[Board "1"]
[White "Gelfand, Boris"]
[Black "Ragger, Markus"]
[Result "1-0"]
[WhiteElo "2733"]
[BlackElo "2540"]
[PlyCount "87"]
[EventDate "2008.11.07"]
[EventType "team"]
[EventRounds "11"]
[EventCountry "AUT"]
[WhiteTeam "SK Advisory Invest Baden"]
[BlackTeam "SK Kl.Ztg.MPOE Maria Saal"]

1.d4 d5 2.c4 c6 3.Nf3 Nf6 4.e3 a6 5.Nc3 b5 6.c5 g6 7.Ne5 Bg7 8.Be2 O-O 9.f4 Nfd7
10.O-O Nxe5 11.fxe5 a5 12.e4 dxe4 13.Nxe4 Na6 14.a4 b4 15.Bc4 Nc7 16.Ng5 Be6
17.Nxe6 fxe6 18.Rxf8+ Qxf8 19.Qg4 Qf5 20.Qe2 Nd5 21.g4 Qf7 22.Bd2 Rf8 23.Rf1 Qe8
24.Rxf8+ Qxf8 25.Qf1 Qd8 26.Qf3 Nc7 27.Be3 Nd5 28.h4 Qd7 29.Kf2 Qe8 30.Bd2 Bf8
31.Bd3 Qd7 32.h5 Qe8 33.Ke2 Kg7 34.Be4 Kg8 35.Kd1 Kg7 36.Kc2 Kh8 37.hxg6 hxg6
38.Qd3 Kh7 39.Qh3+ Kg8 40.Qd3 Kh7 41.g5 Nc7 42.Qf3 Kg7 43.Bxc6 Qc8 44.Kb3